000 00590nam a22001937a 4500
005 20251108172346.0
008 250721s9999 xx 000 0 ara d
082 1 4 _aط/599.73/أشر
100 1 _aأشرف، وفاء
245 1 0 _aالبقرة /
264 1 _aالقاهرة :
_bالدار المصرية اللبنانية،
_c[19-].
300 _a16ص.
490 0 _aأريد أن أعرف
_v9
650 1 7 _aالأبقار
653 _aاطفال مرحلة متوسطة (6-9)سنوات
700 1 _aالبطراوي، عادل
_eرسوم
942 _2ddc
_cBK
999 _c77197
_d77197